| 000 | 01203nac a22002651u 4500 | ||
|---|---|---|---|
| 008 | 090618s2013 xxu||||| |||| 00| 0 eng d | ||
| 020 | _a0470873752 | ||
| 020 | _a9780470873755 | ||
| 082 | 0 | 0 |
_a670.427 _bDEG _220 |
| 100 |
_aDeGarmo, E. Paul _96355 |
||
| 245 | 1 | 0 |
_aMaterials and Processes in Manufacturing / _cE. Paul DeGarmo, J. T. Black, Ronald A. Kohser. |
| 250 | _a9th ed. | ||
| 260 |
_aUpper Saddle River, NJ : _bPrentice Hall, _cc2013. |
||
| 300 |
_axiv, 1004 p. : _bill. ; _c26 cm. |
||
| 504 | _aIncludes bibliographical references and index. | ||
| 650 | 0 |
_aManufacturing processes. _96356 |
|
| 650 | 0 |
_aMaterials. _96357 |
|
| 653 |
_bMec _cMay2012 |
||
| 700 | 1 |
_aBlack, J. Temple. _96358 |
|
| 700 | 1 |
_aKohser, Ronald A. _96359 |
|
| 942 |
_cBB _k670.427 DEG _2ddc |
||
| 999 |
_c16741 _d16741 |
||